Origine du drame baroque allemand

Saved in:
Bibliografiske detaljer
Hovedforfatter: Benjamin, Walter 1892-1940 (Author)
Format: Bog
Sprog:fransk
Udgivet: París Flammarion 1974
Udgivelse:1a. ed
Fag:
Tags: Tilføj Tag
Ingen Tags, Vær først til at tagge denne postø!

MARC

LEADER 00000cam a2200000 a 4500
001 UCC8197
003 CL-VaPUC
008 190607e19740000fr |||||||||||||||||fre|d
082 0 4 |a 792.0943  |b BEN  |2 21 
100 |a Benjamin, Walter  |d 1892-1940  |e author  |9 269121 
245 1 0 |a Origine du drame baroque allemand 
250 |a 1a. ed 
300 |a 264 p 
942 |c BK 
945 |d 20190607 12:44:00  |a dcastane 
260 |a París  |b Flammarion  |c 1974 
650 7 |a DRAMA ALEMAN  |2 CL-VaPUC  |9 319224 
650 0 |a Crítica e interpretación   |9 255042 
650 7 |a HISTORIA DEL TEATRO  |2 CL-VaPUC  |9 526642 
583 |a last modification  |c 20190607 12:44:00  |k Rodrigo Vera 
999 |c 374570  |d 374568 
952 |0 0  |1 0  |3 erb  |4 0  |6 792_094300000000000_BEN_1974  |7 0  |8 A  |9 493180  |a BIBART  |b BIBART  |i 5590825  |o 792.0943 BEN 1974  |p 5590825  |r 2025-03-13  |w 2019-11-24  |y BK  |z Catalogado en:20190607  |k ART